|
|
|
|
| LEADER |
01814nam a2200457 a 4500 |
| 001 |
mzk03001208317 |
| 003 |
CZ BrMZK |
| 005 |
20141015145542.0 |
| 007 |
ta |
| 008 |
141015s1908 xr f f |||| 0 cze d |
| 040 |
|
|
|a BOA001
|b cze
|
| 041 |
0 |
|
|a cze
|a lat
|
| 043 |
|
|
|a e-xr---
|b e-xr-jm
|
| 072 |
|
7 |
|a 930.85
|x Dějiny civilizace. Kulturní dějiny
|2 Konspekt
|9 8
|
| 072 |
|
7 |
|a 095/096
|x Vzácná díla
|2 Konspekt
|9 12
|
| 080 |
|
|
|a 930.253
|2 MRF
|
| 080 |
|
|
|a 93/94
|2 MRF
|
| 080 |
|
|
|a 025.171
|2 MRF
|
| 080 |
|
|
|a (437.322)
|2 MRF
|
| 080 |
|
|
|a 726.6
|2 MRF
|
| 100 |
1 |
|
|a Bretholz, Bertold,
|d 1862-1936
|7 jk01013105
|4 aut
|
| 245 |
1 |
0 |
|a Moravský zemský archiv. Jeho dějiny a jeho sbírky. Vydal Zemský výbor Markrabství Moravského. /
|c Dr. Bertold Bretholz, zemský archivář
|
| 260 |
|
|
|a V Brně :
|b Nákladem Zemského výboru Markrabství Moravského.,
|c 1908
|f (Tiskem Moravské akciové knihtiskárny)
|
| 300 |
|
|
|a [8], 160 s., 15 Tab. ;
|c 2°
|
| 500 |
|
|
|a Výzdoba: Složené přílohy (např. listiny s přepisem), též barevné
|
| 500 |
|
|
|a Titulní strana tištěna majuskulou
|
| 546 |
|
|
|a Český a latinský text
|
| 563 |
|
|
|a Papírová vazba s plátěným zlaceným hřbetem
|
| 650 |
|
7 |
|a archivy
|x dějiny
|7 ph114080
|2 czenas
|
| 650 |
|
7 |
|a historické knihovní fondy
|7 ph172933
|2 czenas
|
| 651 |
|
7 |
|a Brno (Česko)
|7 ge134084
|2 czenas
|
| 710 |
2 |
|
|a Moravský zemský archiv v Brně
|7 ko2003171910
|4 hnr
|
| 856 |
4 |
1 |
|u https://imageserver.mzk.cz/mzk03/001/208/317/328100216236.titul.jp2
|y Titulní list
|
| 910 |
|
|
|e BOE950
|c R - R. IV. c. 7
|
| 978 |
|
|
|b Moravská akciová knihtiskárna
|a Brno
|c 1908
|
| 984 |
|
|
|a Brno
|b Česko
|
| 985 |
|
|
|a 1901-1950
|
| 990 |
|
|
|a BK
|
| 996 |
|
|
|e BOE950
|c R - R. IV. c. 7
|
| 980 |
|
|
|c 216236
|g R - R. IV. c. 7
|1 328100216236
|p BNr. 33.642
|
| 991 |
|
|
|k rajhrad
|